| 000 | 00586nam a2200205Ia 4500 | ||
|---|---|---|---|
| 005 | 20240327112145.0 | ||
| 008 | 131103s9999 xx 000 0 und d | ||
| 020 |
_a0-19-563519 1 _cRs.60.00 |
||
| 040 | _aLoreto College | ||
| 041 | _aEnglish | ||
| 082 |
_a420.7 _bRAM |
||
| 100 | _aRam, S.K. | ||
| 245 |
_aCommunicate in english _b a middle school course _cS.K.Ram & Paul Gunashekar |
||
| 260 |
_aChennai _bOxford University Press _c1998 |
||
| 300 |
_a121p _b ill. |
||
| 650 | _aEnglish language - Study & teaching | ||
| 700 | _aGunashekar, Paul | ||
| 850 | _aLCBED | ||
| 942 | _cBK | ||
| 999 |
_c27812 _d78291 |
||